000 00427nam a2200157 i 4500
001 84551
003 ES-MaACL
005 20230906175033.0
007 t|
008 041123s1908 xxc ||||1| eng d
100 1 _aJohnston, Arthur.
_966768
245 1 0 _aMyths and facts of the american revolution /
_cArthur Johnston.
260 _aToronto :
_bBriggs,
_c1908.
300 _aVI, 302 p. ;
_c19 cm.
852 _aES-MaACL
_jC-1049
999 _c84551
_d84551